000 00995cab a2200277 4500
001 ABS53522
008 090401t1995 xxu||||| |||| 00| 0 eng d
035 _a(Sirsi) u4902
041 _aeng
100 _aMoore, I.
245 _aCommercial`s big break
260 _c1995
350 _a0
490 _aBuilding Engineer
_vSeptember 1995, 4-5(2)
520 _aThe latest report from Cambridge Econometrics, "UK Construction Prospects" predicts that construction`s largest sector, commercial work, will be the fastest growing sector for the rest of the 1990s and beyond. Considers output, new orders, National Lottery funded projects and includes a table of construction output forecasts to 1997.
650 _aBANK LENDING
650 _aBUILDING ECONOMICS
650 _aCOMMERCIAL OUTPUT
650 _aCONSTRUCTION MARKEYT
650 _aFORECASTS
650 _aNATIONAL LOTTERY
650 _aPROPERTY CYCLE
690 _aBUILT ENVIRONMENT
942 _n0
948 _c04/03/1997
999 _c2963
_d2963